Quelle émotion ! Quelle émotion ?

Uloženo v:
Podrobná bibliografie
Hlavní autor: Didi-Huberman, Georges (auteur)
Médium: Kniha
Vydáno: Montrouge, France: Bayard Éditions, 2013.
Edice:<<Les petites conférences>>
Témata:
Tagy: Přidat tag
Žádné tagy, Buďte první, kdo vytvoří štítek k tomuto záznamu!

MARC

LEADER 00000cam a2200000 a 4500
001 UCD5427
003 CL-VaPUC
005 20230711103503.0
008 230711t2013 ||||| |||| 00| 0 eng d
999 |c 441365  |d 441363 
020 |a 978-2-227-48680-5 
040 |c Pontificia Universidad Católica de Valparaíso 
082 0 4 |a 194 DID 2013  |2 21 
100 |a Didi-Huberman, Georges  |e auteur  |9 598908 
245 1 0 |a Quelle émotion ! Quelle émotion ? 
260 |a Montrouge, France:  |b Bayard Éditions,  |c 2013. 
300 |a 87 páginas. 
490 |a <<Les petites conférences>> 
500 |a c.1 Donación Bruno Cuneo L. Memo ART 04/2023 
583 |a last modification  |c 20160908 17:07:00  |k Catalogador Asistente 
650 0 |a Filosofía francesa   |9 255698 
650 0 |a Filósofos franceses  |9 314621 
650 0 |a Emociones   |9 265224 
942 |c BK  |2 ddc 
952 |0 0  |1 0  |2 ddc  |4 0  |6 194_000000000000000_DID_2013  |7 0  |8 A  |9 590830  |a BIBART  |b BIBART  |d 2023-07-11  |e Donación  |i 5657984  |o 194 DID 2013  |p 5657984  |r 2025-03-13  |t 1  |w 2023-07-11  |y BK  |k ART